Salta al contenuto

Информационные технологии в профессиональной деятельности Учебное пособие

Приведены базовые понятия в области информации информационных технологий и систем основные принципы методы и свойства информационных и коммуникационных технологий. Рассмотрены прикладное программное обеспечение и информационные ресурсы интегрированные информационные системы. Особое внимание уделено...

Descrizione completa

Salvato in:
Dettagli Bibliografici
Autore principale: Федотова Е.Л
Natura: Учебное пособие
Edizione:1
Serie:Среднее профессиональное образование
Accesso online:https://znanium.com/catalog/document?id=415678
https://znanium.com/cover/1893/1893876.jpg
Tags: Aggiungi Tag
Nessun Tag, puoi essere il primo ad aggiungerne! !
LEADER 03681nam0a2200505 i 4500
001 RU\infra-m\znanium\bibl\1893876
003 https://znanium.com/catalog/document?id=415678
005 20241213000000.0
010 |a 978-5-8199-0752-8 
010 |a 978-5-16-106258-6  |b электр. издание 
010 |a 978-5-16-013597-7  |b ISBN соиздателя 
100 |a 20241213d2022 m y0rusy0150 ca 
101 0 |a rus 
102 |a RU 
200 1 |a Информационные технологии в профессиональной деятельности  |e Учебное пособие  |f Московский институт электронной техники 
205 |a 1 
210 1 |a Москва  |c Издательский Дом "ФОРУМ"  |d 2023 
215 |a 367 с. 
225 1 |a Среднее профессиональное образование 
330 |a Приведены базовые понятия в области информации информационных технологий и систем основные принципы методы и свойства информационных и коммуникационных технологий. Рассмотрены прикладное программное обеспечение и информационные ресурсы интегрированные информационные системы. Особое внимание уделено интеллектуальным информационным технологиям — одному из наиболее перспективных и быстро развивающихся научных и прикладных направлений информатики. Для студентов средних специальных учебных заведений изучающих дисциплины «Информационные технологии» «Информационные технологии в профессиональной деятельности» обучающихся по специальности 11.02.13 «Твердотельная электроника» а также для преподавателей и специалистов работающих в данных предметных областях. 
333 |a Среднее профессиональное образование 
606 |a Информатика. Вычислительная техника  |x Прикладные информационные технологии  |2 local 
608 |a Учебное пособие  |2 local 
675 |a 004(075.32)  |z rus 
686 |a 32.973я723  |2 rubbk 
686 |a 00.02.03  |2 okso 
686 |a 09.01.05  |2 okso 
686 |a 09.02.01  |2 okso 
686 |a 09.02.02  |2 okso 
686 |a 09.02.03  |2 okso 
686 |a 09.02.04  |2 okso 
686 |a 09.02.05  |2 okso 
686 |a 09.02.06  |2 okso 
686 |a 09.02.07  |2 okso 
686 |a 09.02.08  |2 okso 
686 |a 09.02.09  |2 okso 
686 |a 13.02.05  |2 okso 
686 |a 21.02.12  |2 okso 
686 |a 40.02.04  |2 okso 
686 |a 46.02.01  |2 okso 
686 |a 46.02.02  |2 okso 
700 1 |a Федотова  |b Е.Л.  |g Елена Леонидовна  |p Московский институт электронной техники 
801 0 |a RU  |b Общество с ограниченной ответственностью «ЗНАНИУМ»  |c 20220601  |2 rusmarc 
856 4 |a znanium.com  |m ebs_support@infra-m.ru  |n НИЦ ИНФРА-М  |u https://znanium.com/catalog/document?id=415678 
856 4 1 |a znanium.com  |d /cover/1893  |f 1893876.jpg  |q image/jpeg  |u https://znanium.com/cover/1893/1893876.jpg